<?xml version="1.0" encoding="UTF-8"?>
<marc:record xmlns:marc="http://www.loc.gov/MARC21/slim">
   <marc:leader>00000nam a2200000 a 4500</marc:leader>
   <marc:datafield ind1="1" ind2=" " tag="100">
      <marc:subfield code="a">Roberts, Nora</marc:subfield>
      <marc:subfield code="4">ctb</marc:subfield>
      <marc:subfield code="e">Mitwirkende/-r</marc:subfield>
   </marc:datafield>
   <marc:datafield ind1="1" ind2=" " tag="100">
      <marc:subfield code="a">Graham, Heather</marc:subfield>
      <marc:subfield code="4">ctb</marc:subfield>
      <marc:subfield code="e">Mitwirkende/-r</marc:subfield>
   </marc:datafield>
   <marc:datafield ind1="1" ind2=" " tag="100">
      <marc:subfield code="a">Carrington, Tori</marc:subfield>
      <marc:subfield code="4">ctb</marc:subfield>
      <marc:subfield code="e">Mitwirkende/-r</marc:subfield>
   </marc:datafield>
   <marc:datafield ind1="1" ind2=" " tag="100">
      <marc:subfield code="a">Jamison, Kelly</marc:subfield>
      <marc:subfield code="4">ctb</marc:subfield>
      <marc:subfield code="e">Mitwirkende/-r</marc:subfield>
   </marc:datafield>
   <marc:datafield ind1=" " ind2=" " tag="653">
      <marc:subfield code="a">Erzählende Literatur: Gegenwartsliteratur ab 1945</marc:subfield>
   </marc:datafield>
   <marc:datafield ind1="0" ind2="0" tag="245">
      <marc:subfield code="a">Geheimnisse und Intrigen</marc:subfield>
   </marc:datafield>
   <marc:datafield ind1="0" ind2="0" tag="245">
      <marc:subfield code="c">Nora Roberts ...</marc:subfield>
   </marc:datafield>
   <marc:datafield ind1=" " ind2="1" tag="264">
      <marc:subfield code="a">Hamburg</marc:subfield>
      <marc:subfield code="b">Harlequin Enterprises</marc:subfield>
      <marc:subfield code="c">2012</marc:subfield>
   </marc:datafield>
   <marc:datafield ind1="1" ind2=" " tag="490">
      <marc:subfield code="a">Mira Taschenbuch</marc:subfield>
      <marc:subfield code="v">Bd. 20032 : Jade</marc:subfield>
   </marc:datafield>
   <marc:datafield ind1=" " ind2=" " tag="250">
      <marc:subfield code="a">1. Aufl.</marc:subfield>
   </marc:datafield>
   <marc:datafield ind1="1" ind2=" " tag="520">
      <marc:subfield code="a">Angaben aus der Verlagsmeldung

Geheimnisse und Intrigen : 1. Nur wer die Sehnsucht kennt 2. Intrigen, Liebe, heiße Küsse 3.Immer wieder, immer mehr 4. Das Verlangen neu entflammt 1. Storm Warning; 2. The Di Medici Bride; 3. The P.I. Who Loved Her; 4. Will / von Nora Roberts, Heather Graham, Tori Carrington, Kelly Jamison

Nur wer die Sehnsucht kennt:
Merkwürdiges geht in dem Gasthaus ihrer Tante vor. Alle Anwesenden scheinen etwas zu verbergen – auch Lucas, ihre große Liebe. Dann geschieht ein Mord! Und Andrea glaubt den Täter zu kennen …

Intrigen, Liebe, heiße Küsse:
Nie hat ein Mann sie so geküsst wie Marcus di Medici. Doch was haben die rätselhaften Ereignisse in seinem Palazzo zu bedeuten? Chrissie gerät mitten in eine Intrige des italienischen Adels.

Immer wieder, immer mehr:
Unverhofft steht Liz vor ihm – in einem Brautkleid. Einst ließ sie ihn vor dem Altar sitzen. Warum ist sie zurück? Liz schweigt. Doch Mitch weiß, was er tun muss, um ihr Geheimnis zu lüften …

Das Verlangen neu entflammt:
Knapp entkommt Meg dem Flammenmeer und rettet sich in Bills starke Arme. Doch seit der Flucht leidet sie an Amnesie. So weiß sie nicht, bei wem sie Schutz sucht – und in welcher Gefahr sie schwebt …

</marc:subfield>
   </marc:datafield>
   <marc:datafield ind1=" " ind2=" " tag="020">
      <marc:subfield code="a">9783862783106</marc:subfield>
      <marc:subfield code="9">9783862783106</marc:subfield>
   </marc:datafield>
   <marc:datafield ind1=" " ind2=" " tag="041">
      <marc:subfield code="a">ger</marc:subfield>
   </marc:datafield>
</marc:record>
